Over, under and through and other spatial concepts / (Record no. 103410)
[ view plain ]
| 000 -LEADER | |
|---|---|
| fixed length control field | 00574nam a2200193 a 4500 |
| 005 - DATE AND TIME OF LATEST TRANSACTION | |
| control field | 20140412111301.0 |
| 008 - FIXED-LENGTH DATA ELEMENTS--GENERAL INFORMATION | |
| fixed length control field | 001117s19uu xx 00 eng d |
| 020 ## - INTERNATIONAL STANDARD BOOK NUMBER | |
| International Standard Book Number | 0-689-71111-5 |
| 050 ## - LIBRARY OF CONGRESS CALL NUMBER | |
| Classification number | M 153.7 |
| Item number | H65 1973 |
| 100 ## - MAIN ENTRY--PERSONAL NAME | |
| Personal name | Hoban, Tana |
| 245 ## - TITLE STATEMENT | |
| Title | Over, under and through and other spatial concepts / |
| Statement of responsibility, etc | Tana Hoban. |
| 260 ## - PUBLICATION, DISTRIBUTION, ETC. (IMPRINT) | |
| Place of publication, distribution, etc | New York : |
| Name of publisher, distributor, etc | Macmillan Pub, |
| Date of publication, distribution, etc | 1973. |
| 300 ## - PHYSICAL DESCRIPTION | |
| Extent | 1 v. (unp.) |
| 440 ## - SERIES STATEMENT/ADDED ENTRY--TITLE | |
| Title | Alladin Books |
| 650 ## - SUBJECT ADDED ENTRY--TOPICAL TERM | |
| Topical term or geographic name as entry element | Space perception -- pictorial works |
| 650 ## - SUBJECT ADDED ENTRY--TOPICAL TERM | |
| Topical term or geographic name as entry element | Space perception -- pictorial works |
| 650 ## - SUBJECT ADDED ENTRY--TOPICAL TERM | |
| Topical term or geographic name as entry element | Vocabulary |
| Withdrawn status | Lost status | Damaged status | Home library | Current library | Shelving location | Date acquired | Source of acquisition | Total Checkouts | Full call number | Barcode | Date last seen | Price effective from | Koha item type |
|---|---|---|---|---|---|---|---|---|---|---|---|---|---|
| Elizalde Library | Elizalde Library | Main Section | 11/17/2000 | M 153.7 H65 1973 | E4758 | 04/12/2014 | 04/12/2014 | Books |